|
|
|
|
| LEADER |
00000nam1a2200000 4500 |
| 001 |
164052 |
| 005 |
20231031161058.0 |
| 020 |
|
|
|a RU
|b 84-16040
|
| 035 |
|
|
|a (RuTPU)RU\TPU\book\177982
|
| 090 |
|
|
|a 164052
|
| 100 |
|
|
|a 20090827d1984 m y0rusy5003 ca
|
| 101 |
2 |
|
|a rus
|c ara
|c aze
|c uzb
|c tur
|
| 200 |
1 |
|
|a Великое древо
|e Поэты Востока в переводах С. Северцева
|f переводы С. Л. Северцев ; авт. предисл. М. Курганцев
|
| 210 |
|
|
|a Москва
|c Наука
|d 1984
|
| 215 |
|
|
|a 607 с.
|c ил.
|d 17 см
|
| 610 |
1 |
|
|a поэзия
|
| 610 |
1 |
|
|a сборники
|
| 610 |
1 |
|
|a поэты
|
| 610 |
1 |
|
|a Восток
|
| 610 |
1 |
|
|a восточная литература
|
| 675 |
|
|
|a 89
|z rus
|
| 702 |
|
1 |
|a Северцев
|b С. Л.
|g Сергей Леонидович
|4 730
|
| 702 |
|
1 |
|a Курганцев
|b М.
|4 080
|
| 801 |
|
0 |
|a RU
|b RuMRKP
|c 19950704
|g psbo
|
| 801 |
|
1 |
|a RU
|b 63413507
|c 20090827
|
| 801 |
|
2 |
|a RU
|b 63413507
|c 20090827
|g RCR
|
| 942 |
|
|
|c BK
|